000 00419nam a2200181Ia 4500
001 21134
005 20260306172857.0
008 260306t2022||||xx |||||||||||||| ||spa||
041 _aESP
082 _a344
_bW43
100 _aWelzel, Hans,
_eAUT
245 0 _aDerecho penal :
_bparte general
260 _c2022
300 _a230 páginas :
_c23 cm.
650 _aGEN
654 _aCDE
942 _cLIB
_dJUS
_fJUS
_2ddc
_n
999 _c21134
_d21134